[Event "TCh-VIE 2012"]
[Site "Ho Chi Minh City VIE"]
[Date "2012.09.26"]
[Round "9.5"]
[White "Bui Vinh"]
[Black "Tu Hoang Thong"]
[Result "1/2-1/2"]
[WhiteElo "2436"]
[BlackElo "2439"]

1.d4 d5 2.c4 Nc6 3.Nf3 Bg4 4.Nc3 e6 5.e3 Nf6 6.h3 Bh5 7.Be2 dxc4 8.Bxc4 a6
9.Be2 Bd6 10.a3 O-O 11.b4 Bg6 12.Bb2 e5 13.O-O Re8 14.b5 exd4 15.Nxd4 Nxd4
16.Qxd4 Be5 17.Qb4 axb5 18.Nxb5 Nd5 19.Qb3 Bxb2 20.Qxb2 c6 21.Nd4 Qb6 22.Qxb6 Nxb6
23.Rfc1 Ra7 24.Ra2  1/2-1/2

[Event "Tatry Open 2012"]
[Site "Tatranske Zruby SVK"]
[Date "2012.09.26"]
[Round "5.8"]
[White "Michenka,J"]
[Black "Repka,C"]
[Result "1/2-1/2"]
[WhiteElo "2357"]
[BlackElo "2196"]

1.d4 d5 2.c4 Nc6 3.Nc3 dxc4 4.Nf3 e6 5.e4 Nf6 6.Bxc4 Bb4 7.Bd3 O-O 8.a3 Be7
9.e5 Nd5 10.O-O f6 11.Qc2 f5 12.b4 Nb8 13.Bd2 Bd7 14.Rfc1 c6 15.Na4 Be8 16.Nc5 Bxc5
17.Qxc5 Nd7 18.Qd6 Qe7 19.Qxe7 Nxe7 20.Ng5 Bf7 21.Bc4 Nd5 22.Bxd5 cxd5 23.Rc7 Nb6
24.Rxb7 h6 25.Rxf7 Rxf7 26.Nxf7 Kxf7 27.b5 Rc8 28.Bb4 Na4 29.Kf1 Rc4 30.Rd1 Nc3
31.Bxc3 Rxc3 32.Ra1 Ke7 33.a4 Kd7 34.a5 Kc7 35.Ke2 Kb7 36.h4 Rb3 37.b6 axb6
38.axb6 Rxb6  1/2-1/2

[Event "21st TCh-CRO w 2012"]
[Site "Sibenik CRO"]
[Date "2012.09.27"]
[Round "6.12"]
[White "Raguz,I"]
[Black "Jelica,M"]
[Result "0-1"]
[WhiteElo "1918"]
[BlackElo "2258"]

1.d4 d5 2.c4 Nc6 3.Nf3 Bg4 4.e3 e5 5.h3 Bxf3 6.Qxf3 Nf6 7.cxd5 Qxd5 8.Qxd5 Nxd5
9.Bb5 Nb4 10.Na3 exd4 11.O-O dxe3 12.Bxe3 O-O-O 13.Bc4 Nd5 14.Nb5 Nxe3 15.fxe3 f6
16.a4 Bc5 17.a5 Bxe3+ 18.Kh1 a6 19.Be6+ Kb8 20.Nc3 Rd2 21.Nd5 Bd4 22.Bd7 Bxb2
23.Ra2 Ne5 24.Be6 Re8 25.Bf5 Rxd5 26.Rxb2 Nc4  0-1

[Event "4th Sant Marti IM"]
[Site "Barcelona ESP"]
[Date "2012.09.29"]
[Round "1.4"]
[White "Ryan,Jo"]
[Black "Exposito Amaro,J"]
[Result "1-0"]
[WhiteElo "2262"]
[BlackElo "2287"]

1.d4 d5 2.c4 Nc6 3.Nc3 Nf6 4.Nf3 e6 5.Bg5 Be7 6.e3 O-O 7.Bd3 a6 8.cxd5 Nxd5
9.Bxe7 Qxe7 10.Qd2 Rd8 11.O-O Nxc3 12.Qxc3 Nb4 13.Be4 f5 14.Bb1 Nd5 15.Qc2 Nb4
16.Qb3 a5 17.a3 Nd5 18.e4 a4 19.Qc2 fxe4 20.Qxe4 Nf6 21.Qh4 Bd7 22.Bxh7+ Kf8
23.Bg6 Ng8 24.Ng5  1-0

[Event "34th Rashid Nezhmetdinov Cup"]
[Site "Kazan RUS"]
[Date "2012.10.03"]
[Round "8.7"]
[White "Goganov,A"]
[Black "Pasiev,R"]
[Result "1-0"]
[WhiteElo "2525"]
[BlackElo "2333"]

1.d4 d5 2.c4 Nc6 3.Nc3 dxc4 4.Nf3 Nf6 5.Bg5 h6 6.Bh4 e6 7.e3 Be7 8.Bxc4 O-O
9.O-O b6 10.Qe2 Bb7 11.Rfd1 Nd5 12.Bxe7 Ncxe7 13.Rac1 Nxc3 14.Rxc3 Bxf3 15.Qxf3 Qd6
16.Ba6 Nd5 17.Rcc1 Rab8 18.Bb5 a6 19.Bc6 Ne7 20.g3 Rfd8 21.a3 b5 22.Be4 b4
23.Rc5 bxa3 24.bxa3 Rb3 25.a4 Ra3 26.a5 Rb8 27.Qe2 Rb4 28.Rdc1 Rba4 29.Qb2 f5
30.Qb8+ Kf7 31.Bf3 Rxa5 32.Rxc7 Ra1 33.Qa7 Rxc1+ 34.Rxc1 Ra2 35.e4 fxe4 36.Bxe4 Rd2
37.Rc7 Kf6 38.Qb8 Kf7 39.Bc6 Rxd4 40.Qe8+ Kf6 41.Qf8+ Kg6 42.Qxe7  1-0

[Event "7th Americas Continental 2012"]
[Site "Mar del Plata ARG"]
[Date "2012.10.12"]
[Round "1.38"]
[White "Maldonado,Fed"]
[Black "Kanefsck,G"]
[Result "0-1"]
[WhiteElo "1973"]
[BlackElo "2358"]

1.d4 d5 2.c4 Nc6 3.Nf3 Bg4 4.cxd5 Bxf3 5.gxf3 Qxd5 6.e3 e5 7.Nc3 Bb4 8.Bd2 Bxc3
9.bxc3 Nf6 10.Rg1 exd4 11.cxd4 O-O 12.Be2 Rfe8 13.Bc3 Rad8 14.Qd2 Qh5 15.O-O-O Nd5
16.Bb2 Qxh2 17.e4 Nf4 18.Bc4 Ne5 19.d5 Nxc4 20.Rxg7+ Kf8 21.Qb4+ Nd6 22.Kb1 Ng6
23.Rg1 Qxg1+  0-1

[Event "7th Americas Continental 2012"]
[Site "Mar del Plata ARG"]
[Date "2012.10.15"]
[Round "5.14"]
[White "Cori,J"]
[Black "Ferro,E"]
[Result "1-0"]
[WhiteElo "2522"]
[BlackElo "2214"]

1.d4 d5 2.c4 Nc6 3.Nc3 dxc4 4.Nf3 Nf6 5.e3 Bg4 6.Bxc4 e6 7.h3 Bh5 8.Bb5 Bb4
9.Qa4 Bxf3 10.gxf3 Qd6 11.O-O O-O 12.Ne2 a6 13.Bxc6 Qxc6 14.Qxb4 Qxf3 15.Ng3 Nh5
16.Qe1  1-0

[Event "ch-NOR Playoff 2012"]
[Site "Fredrikstad NOR"]
[Date "2012.10.19"]
[Round "1"]
[White "Urkedal,F"]
[Black "Lie,Es"]
[Result "1-0"]
[WhiteElo "2473"]
[BlackElo "2476"]

1.d4 d5 2.c4 Nc6 3.Nc3 Nf6 4.Nf3 dxc4 5.d5 Na5 6.Qa4+ c6 7.b4 b5 8.Qxa5 Qxa5
9.bxa5 b4 10.dxc6 bxc3 11.Ne5 Rb8 12.Nxc4 e5 13.e3 Be6 14.Nxe5 Bd6 15.Nf3 O-O
16.Nd4 Bd5 17.Ba6 Be5 18.Bb7 Bxg2 19.Rg1 Rxb7 20.cxb7 Bxb7 21.Ba3 Rd8 22.O-O-O g6
23.Nf3 Rxd1+ 24.Rxd1 Bc7 25.Ne5 Kg7 26.Nd7 Ng4 27.Bf8+ Kg8 28.Bb4 Bf3 29.Rd4 h5
30.Rc4 Bxh2 31.Rc8+ Kh7 32.Bxc3 Kh6 33.Rf8 f5 34.Nc5 Bd6 35.Rh8+ Kg5 36.Ne6+ Kh4
37.Rg8 Ba3+ 38.Kc2 f4 39.Nxf4 g5 40.Nd3 Bd6 41.Kd2 Be4 42.Rd8 Bc7 43.Rd4 Bxd3
44.Kxd3 Kh3 45.Ke2  1-0

[Event "I Cerrado Ciutat De Manresa"]
[Site "Manresa ESP"]
[Date "2012.10.19"]
[Round "1.5"]
[White "Albets Armengol,R"]
[Black "Mellado Trivino,J"]
[Result "0-1"]
[WhiteElo "2147"]
[BlackElo "2450"]

1.d4 d5 2.c4 Nc6 3.cxd5 Qxd5 4.e3 e5 5.Nc3 Bb4 6.Bd2 Bxc3 7.Bxc3 exd4 8.Ne2 Bg4
9.f3 Bxf3 10.gxf3 Qxf3 11.Nxd4 Qxh1 12.Nxc6 Nf6 13.Bxf6 gxf6 14.Nd4 Qxh2
15.Qa4+ c6 16.O-O-O Qe5 17.Qb3 O-O-O 18.Bh3+ Kc7 19.Qxf7+ Kb8 20.Qb3 Rd6
21.Rg1 Re8 22.Rg8 a6 23.Bg2 Rxg8 24.Qxg8+ Ka7 25.Qb3 Rxd4 26.exd4 Qg5+ 27.Kb1 Qxg2
28.Qe3 Qg6+ 29.Ka1 Qg5  0-1

[Event "7th Americas Continental 2012"]
[Site "Mar del Plata ARG"]
[Date "2012.10.20"]
[Round "10.76"]
[White "Besso,Guadalupe"]
[Black "Aberbach,A"]
[Result "0-1"]
[WhiteElo "1730"]
[BlackElo "2023"]

1.d4 d5 2.c4 Nc6 3.e3 e5 4.dxe5 d4 5.exd4 Qxd4 6.Qxd4 Nxd4 7.Bd3 Be6 8.b3 O-O-O
9.Nd2 Bb4 10.Rb1 Ne7 11.a3 Bc3 12.Be4 Bf5 13.Bxf5+ Nexf5 14.Ne2 Nxe2 15.Kxe2 Bxe5
16.Rd1 Rhe8 17.Kf1 Re7 18.Bb2 Bxb2 19.Rxb2 Red7 20.Ke1 Nh4 21.Kf1 Ng6 22.Ke2 Nf4+
23.Kf1 Nd3 24.Rc2 Nc5 25.b4 Na4 26.Ke1 Rd3 27.Ra1 Re8+ 28.Kf1 Red8 29.Nf3 Rd1+
30.Rxd1 Rxd1+ 31.Ke2 Ra1 32.Ne5 f6 33.Nf7 Nb6 34.Rc3 Kd7 35.g4 Ke7 36.Nh8 Rg1
37.h3 g6 38.Re3+ Kf8 39.Kd3 Rd1+ 40.Kc3 Rd8 41.Re6 Rd6 42.Re4 Rd8 43.Re6 Kg7
44.Re7+ Kxh8 45.Rxc7 Rd7 46.Rxd7 Nxd7 47.Kd4 Kg7 48.c5 Kf7 49.Kd5 Kg7 50.b5 Nb8
51.a4  0-1

[Event "7th Deizisau Autumn"]
[Site "Deizisau GER"]
[Date "2012.10.27"]
[Round "2.7"]
[White "Wiley,To"]
[Black "Engbrecht,Helmut"]
[Result "1-0"]
[WhiteElo "2280"]
[BlackElo "2035"]

1.d4 d5 2.c4 Nc6 3.Nc3 dxc4 4.Nf3 e6 5.e4 Bb4 6.Bxc4 Nf6 7.Qd3 h6 8.O-O O-O
9.e5 Nd5 10.Bb3 f5 11.Nxd5 exd5 12.Qb5 a6 13.Qxd5+ Kh7 14.a3 Be7 15.Qxd8 Rxd8
16.d5 Na5 17.Ba2 b5 18.Nd4 c5 19.Ne2 c4 20.d6 Bf8 21.Nd4 Re8 22.f4 Bd7 23.Bd2 Nb7
24.Rad1 Rac8 25.Bb1 g6 26.Rfe1 Nc5 27.Bb4 Ne6 28.Nxe6 Rxe6 29.g4 Ree8 30.gxf5 gxf5
31.e6 Rxe6 32.Rxe6 Bxe6 33.d7 Rd8 34.Bxf8 Rxd7 35.Rxd7+ Bxd7 36.Bc2 h5 37.Be7 Kg7
38.Kf2 Kf7 39.Bd8 Ke6 40.Bd1 Be8 41.Ke3 Kd5 42.Bf3+ Kc5 43.Be7+ Kb6 44.Kd4 a5
45.Ke5 b4 46.axb4 a4 47.Kd4 Bf7 48.Be2 Kb5 49.Kc3  1-0

[Event "Chigorin Memorial"]
[Site "St Petersburg RUS"]
[Date "2012.10.27"]
[Round "1.70"]
[White "Zhilchikov,N"]
[Black "Golovin,Leo"]
[Result "0-1"]
[WhiteElo "2077"]
[BlackElo "2475"]

1.d4 d5 2.c4 Nc6 3.Nf3 Bg4 4.Nc3 e6 5.Bf4 Bb4 6.e3 Nf6 7.Qa4 Bxf3 8.gxf3 O-O
9.Rg1 Kh8 10.Bd3 a6 11.c5 Qd7 12.O-O-O b6 13.cxb6 cxb6 14.Ne2 Rfc8 15.Kb1 b5
16.Qb3 Bd6 17.Rc1 Bxf4 18.Nxf4 e5 19.dxe5 Nxe5 20.Be2 Qf5+ 21.Bd3 Qd7 22.Be2 Nc4
23.Qc3 Rc6 24.Ka1 Rac8 25.Qd4 Na5 26.Qd2 d4 27.Rxc6 Nxc6 28.Rd1 Rd8 29.a3 g6
30.e4 Qd6 31.Nd3 Ne5 32.Ne1 Qe6 33.Qg5 Nc6 34.Nd3 Qe7 35.h4 Kg7 36.b4 h6
37.Qc5 Qe6 38.Re1 Re8 39.Bd1 Nd7 40.Qa7  0-1

[Event "7th Deizisau Autumn"]
[Site "Deizisau GER"]
[Date "2012.10.29"]
[Round "6.6"]
[White "Kvetny,M"]
[Black "Mueller,Philipp2"]
[Result "1-0"]
[WhiteElo "2234"]
[BlackElo "2040"]

1.d4 d5 2.c4 Nc6 3.Nc3 dxc4 4.Nf3 Bg4 5.d5 Bxf3 6.exf3 Ne5 7.Qd4 Nd3+ 8.Bxd3 cxd3
9.O-O Qd7 10.Qxd3 Nf6 11.Bg5 O-O-O 12.Rac1 Kb8 13.Nb5 Rc8 14.Bf4 e5 15.Bxe5 Qxd5
16.Qxd5 Nxd5 17.Rfd1 f6 18.Bg3 Bd6 19.Nxd6 cxd6 20.Bxd6+ Ka8 21.g4 Nb6 22.b3 Rhd8
23.Bf4 Rxc1 24.Rxc1 Nd5 25.Rd1 b5 26.Be3 Kb7 27.Rd4 Kc6 28.a4 a6 29.Rd2 b4
30.Rd4 Rd7 31.Rc4+ Kb7 32.Kf1 a5 33.Rd4 Kc6 34.Ke2 Nc3+ 35.Kd3 Rxd4+ 36.Kxd4 Ne2+
37.Kd3 Nc3 38.Bd4 Nd5 39.Ke4 Kd6 40.h4 Ke6 41.Bc5 g5 42.hxg5 fxg5 43.Be3 Nc3+
44.Kd3 h6 45.Kc4 Ke5 46.Bd4+ Kf4 47.Bxc3 bxc3 48.Kxc3 Kxf3 49.b4 axb4+ 50.Kxb4 Kxf2
51.a5 h5 52.gxh5 g4 53.a6  1-0

[Event "4th Marcel Duchamp Open"]
[Site "Buenos Aires ARG"]
[Date "2012.10.30"]
[Round "8.3"]
[White "Barrionuevo,P"]
[Black "Ferro,E"]
[Result "1-0"]
[WhiteElo "2271"]
[BlackElo "2214"]

1.d4 d5 2.c4 Nc6 3.Nc3 dxc4 4.Nf3 Nf6 5.e3 e5 6.Bxc4 exd4 7.exd4 Bd6 8.O-O O-O
9.h3 h6 10.Qc2 Nb4 11.Qb1 Be6 12.Bxe6 fxe6 13.Re1 Qd7 14.Ne5 Bxe5 15.dxe5 Nfd5
16.Qe4 Qf7 17.Re2 Rad8 18.Nxd5 Nxd5 19.Bd2 c5 20.Rc1 b6 21.Qg4 Kh7 22.Rc4 a5
23.a3 Qe7 24.Qe4+ Kg8 25.Qg6 Qf7 26.Qg3 Kh7 27.Rg4 Rd7 28.Qb3 Qf5 29.Kh2 Rdf7
30.Rge4 Qh5 31.Kg1 Rf5 32.Qc2 Kh8 33.Qd3 Qf7 34.Qg3 Qh5 35.Kf1 Kh7 36.Rg4 Qf7
37.Kg1 Ne7 38.b4 axb4 39.axb4 Nd5 40.bxc5 bxc5 41.Rc4 Rc8 42.Qd3 Kh8 43.Rh4 Nf4
44.Bxf4 Rxf4 45.Rxf4 Qxf4 46.Qd7 Ra8 47.Re1 Ra2 48.Qc8+ Kh7 49.Qxc5 h5 50.Qb6 Rd2
51.Qc5 Kh6 52.Qe3 Qxe3 53.Rxe3 g5 54.Rf3 Rd1+ 55.Kh2 Re1 56.Rf6+ Kg7 57.Rxe6 Kf7
58.Rh6 h4 59.Rf6+ Kg7 60.f4 gxf4 61.Rxf4 Rxe5 62.Rxh4 Ra5 63.Rb4 Ra2 64.h4 Kg6
65.Rb5 Kh6 66.Kh3 Ra4 67.g3 Rc4 68.Rb6+  1-0

[Event "16th OIBM 2012"]
[Site "Bad Wiessee GER"]
[Date "2012.11.01"]
[Round "6.18"]
[White "Meins,G"]
[Black "Lorenz,Sa"]
[Result "1/2-1/2"]
[WhiteElo "2473"]
[BlackElo "2257"]

1.d4 d5 2.c4 Nc6 3.Nc3 dxc4 4.Nf3 Nf6 5.d5 Na5 6.Qa4+ c6 7.b4 b5 8.Qxa5 Qxa5
9.bxa5 b4 10.dxc6 bxc3 11.e3 Ba6 12.Ne5 e6 13.Rb1 O-O-O 14.Bxc4 Bxc4 15.Nxc4 c2
16.Rb7 Rd1+ 17.Ke2 Nd5 18.Rxa7 Bc5 19.Nb6+ Nxb6 20.Rxd1 cxd1=Q+ 21.Kxd1 Rd8+
22.Ke2 Nd5 23.Rxf7 Nc3+ 24.Kf3 Rf8 25.Rxf8+ Bxf8 26.Bb2 Nb5 27.Kf4 Bd6+ 28.Kg4 Bf8
29.Kf4 Bd6+ 30.Kg4 Bf8 31.Kf4  1/2-1/2

[Event "Chigorin Memorial"]
[Site "St Petersburg RUS"]
[Date "2012.11.01"]
[Round "6.46"]
[White "Raznikov,D"]
[Black "Pasiev,R"]
[Result "1/2-1/2"]
[WhiteElo "2465"]
[BlackElo "2334"]

1.d4 d5 2.c4 Nc6 3.Nc3 dxc4 4.d5 Ne5 5.f4 Ng6 6.e4 e6 7.dxe6 Qxd1+ 8.Kxd1 fxe6
9.Bxc4 Bd6 10.e5 Bc5 11.Nf3 h6 12.Ke2 N8e7 13.g3 Bd7 14.Rd1 O-O-O 15.Ne4 Bb6
16.Be3 Nd5 17.Bxd5 Bb5+ 18.Kf2 exd5 19.Nc3 Bc6 20.Bxb6 axb6 21.b4 Ne7 22.Nd4 Bd7
23.Rac1 Kb8 24.Ncb5 Rc8 25.Nc3 Rhd8 26.Nb3 Bg4 27.Ne2 g5 28.Rf1 Rf8 29.Ke3 Ng6
30.Ned4 Bh3 31.Rf3 Bg4 32.Rff1 Bh3 33.Rf2 Rce8 34.Rcc2 Bd7 35.Rf3 Bg4 36.Rff2 Bd7
37.Rf3 Bg4 38.Rff2 Bd7 39.Rf3 Bg4 40.Rff2 Bd7  1/2-1/2

[Event "Chigorin Memorial"]
[Site "St Petersburg RUS"]
[Date "2012.11.04"]
[Round "9.110"]
[White "Potyavin,I"]
[Black "Papp,Petra"]
[Result "1-0"]
[WhiteElo "2049"]
[BlackElo "2298"]

1.d4 d5 2.c4 Nc6 3.Nf3 Bg4 4.cxd5 Bxf3 5.dxc6 Bxc6 6.Nc3 Nf6 7.f3 e6 8.e3 a6
9.Be2 Be7 10.O-O O-O 11.e4 b5 12.Be3 Qc8 13.Rc1 Qb7 14.Qc2 Be8 15.Bd3 h6
16.e5 Nd7 17.f4 Rc8 18.Be4 Qb6 19.Qf2 b4 20.Na4 Qa5 21.b3 f5 22.Bf3 Bf7 23.Rc2 Kh8
24.Rfc1 g5 25.g3 Rg8 26.Kh1 Nf8 27.Bb7 Rb8 28.Rxc7 Ng6 29.Bf3 Rbe8 30.Qf1 gxf4
31.Qh3 Kh7 32.gxf4 Qb5 33.Qf1 Qb8 34.Qxa6 Nh4 35.Bb7 Bh5 36.Bf2 Kh8 37.Bg3 Qd8
38.Qxe6 Rg6 39.Qd7 Qb8 40.Rc8 Rxg3 41.Rxb8 Rxb8 42.hxg3 Rxb7 43.Qc8+ Kh7
44.Rf1 Ra7 45.gxh4 Bg6 46.d5 Bxh4 47.d6  1-0

[Event "WY BU16 2012"]
[Site "Maribor SLO"]
[Date "2012.11.08"]
[Round "1.19"]
[White "Petrov,N"]
[Black "Fiora,E"]
[Result "1-0"]
[WhiteElo "2309"]
[BlackElo "2007"]

1.d4 d5 2.c4 Nc6 3.Nc3 dxc4 4.Nf3 Bg4 5.d5 Bxf3 6.exf3 Ne5 7.Bf4 Ng6 8.Bxc4 Qd7
9.Bb5 c6 10.dxc6 bxc6 11.Qxd7+ Kxd7 12.O-O-O+  1-0

[Event "WY BU14 2012"]
[Site "Maribor SLO"]
[Date "2012.11.08"]
[Round "1.18"]
[White "Redman,David J"]
[Black "Repka,C"]
[Result "0-1"]
[WhiteElo "1831"]
[BlackElo "2258"]

1.d4 d5 2.c4 Nc6 3.Nc3 dxc4 4.d5 Ne5 5.e4 Nf6 6.f4 Nd3+ 7.Bxd3 cxd3 8.Qxd3 e6
9.Qb5+ c6 10.dxc6 bxc6 11.Qxc6+ Bd7 12.Qa6 Bb4 13.Bd2 Bxc3 14.Bxc3 Nxe4 15.Ne2 Nxc3
16.Nxc3 Qb8 17.Ne4 Qb4+ 18.Nd2 Qxf4 19.O-O-O O-O 20.Kb1 Qg5 21.Ka1 Bb5 22.Qa3 Rfd8
23.Nb3 Qg4 24.Rxd8+ Rxd8 25.Qc5 h6 26.Rc1 a6 27.g3 Qe4 28.Qc7 Rd5 29.Qb7 Qd3
30.Rc8+ Rd8 31.Rc3 Qe2 32.Nc1 Qxh2 33.a4 Bxa4 34.Qxa6 Bc2 35.Qc6 Bg6 36.Nb3 Qf2
37.Na5 Qf5 38.Qh1 Qxa5+ 39.Ra3 Qd5 40.Qxd5 Rxd5 41.b4 Bd3 42.Kb2 Bb5 43.g4 g6
44.Rh3 Kg7 45.Rf3 Rd4 46.Kc3 Rxg4 47.Kb2 Rxb4+ 48.Ka3 Rd4 49.Kb2 Rd2+ 50.Ka1 h5
51.Kb1 e5 52.Kc1 Rh2 53.Rb3 Bd7 54.Re3 f6 55.Ra3 Bf5 56.Kd1 h4 57.Ke1 h3
58.Kf1 Rh1+  0-1

[Event "WY BU16 2012"]
[Site "Maribor SLO"]
[Date "2012.11.10"]
[Round "3.28"]
[White "Kvetny,M"]
[Black "Fiora,E"]
[Result "1-0"]
[WhiteElo "2210"]
[BlackElo "2007"]

1.d4 d5 2.c4 Nc6 3.Nc3 dxc4 4.Nf3 Nf6 5.Bg5 h6 6.Bh4 Bg4 7.d5 Na5 8.Ne5 Bd7
9.e4 c6 10.Nxc4 cxd5 11.exd5 Rc8 12.Ne5 Qb6 13.Bxf6 gxf6 14.Nxd7 Qxb2 15.Ne4 Qb4+
16.Nd2 Kxd7 17.Rb1 Qd4 18.Bb5+ Kd8 19.O-O Rc5 20.Qe1 Qc3 21.Qe2 Rxd5 22.Ne4 Qe5
23.f4 Qd4+ 24.Kh1 e6 25.Rfd1 Qb6 26.Bc4 Nxc4 27.Rxd5+ exd5 28.Rxb6 Nxb6 29.Nxf6 Bd6
30.g3  1-0

[Event "WY BU16 2012"]
[Site "Maribor SLO"]
[Date "2012.11.11"]
[Round "4.8"]
[White "Laurusas,T"]
[Black "Kowsarinia,A"]
[Result "1-0"]
[WhiteElo "2425"]
[BlackElo "2262"]

1.d4 d5 2.c4 Nc6 3.Nc3 dxc4 4.Nf3 Bg4 5.d5 Bxf3 6.gxf3 Ne5 7.Bf4 Ng6 8.Bg3 Nf6
9.Qa4+ Qd7 10.Nb5 Nxd5 11.O-O-O c6 12.Nc7+ Nxc7 13.Rxd7 Kxd7 14.Bh3+ e6 15.Rd1+ Kc8
16.Qa5 b6 17.Qd2 Nd5 18.e4  1-0

[Event "WY BU16 2012"]
[Site "Maribor SLO"]
[Date "2012.11.15"]
[Round "8.31"]
[White "Artemenko,O"]
[Black "Gregori,Giacomo"]
[Result "1-0"]
[WhiteElo "2235"]
[BlackElo "2034"]

1.d4 d5 2.c4 Nc6 3.Nc3 Nf6 4.e3 Bf5 5.Nf3 e6 6.a3 Be7 7.Be2 O-O 8.O-O h6
9.b4 dxc4 10.Bxc4 Nd5 11.Bb2 Bf6 12.Qe2 Bg4 13.h3 Bxf3 14.Qxf3 Nxc3 15.Bxc3 e5
16.d5 e4 17.Bxf6 exf3 18.Bxd8 fxg2 19.Rfc1 Nxd8 20.Bb5 c6 21.dxc6 Nxc6 22.Bxc6 bxc6
23.Rxc6 Rfd8 24.Ra6 Rd7 25.Rc1 Kf8 26.Kxg2 Ke7 27.Rc5 Rb8 28.Kf3 Rbb7 29.Rac6 Kd8
30.Ke4 Rd2 31.Rd5+ Rxd5 32.Kxd5 Kd7 33.Kc5 Kd8 34.b5 Re7 35.a4 Kd7 36.a5 Re5+
37.Kc4 Re4+ 38.Kd5 Re7 39.b6 axb6 40.axb6 Kd8 41.Kc5 Re5+ 42.Kb4 Re6 43.Rxe6 fxe6
44.Kb5 Kc8 45.Kc6 g5 46.f4  1-0

[Event "22nd World Seniors Women"]
[Site "Kamena Vourla GRE"]
[Date "2012.11.16"]
[Round "4.5"]
[White "Beliaeva,N"]
[Black "Melashvili,N"]
[Result "1/2-1/2"]
[WhiteElo "2006"]
[BlackElo "2128"]

1.d4 d5 2.c4 Nc6 3.e3 e5 4.dxe5 Bb4+ 5.Bd2 dxc4 6.Bxb4 Qxd1+ 7.Kxd1 Nxb4
8.Bxc4 Bf5 9.Na3 O-O-O+ 10.Ke2 Bd3+ 11.Bxd3 Nxd3 12.f4 f6 13.Rd1 Nxb2 14.Rxd8+ Kxd8
15.e6 Ke7 16.f5 Nh6 17.e4 Rd8 18.Nf3 Nd3 19.h3 Nf4+ 20.Kf2 a6 21.g3 Nd3+
22.Ke2 Nc5 23.Rc1 Nxe4 24.Rxc7+ Kd6 25.Rxb7 Nxg3+ 26.Kf2 Nhxf5 27.Rb6+ Ke7
28.Rxa6 Ne4+ 29.Ke1 Nc5 30.Ra5 Nd3+ 31.Kf1 Kxe6 32.Nb5 Rd7 33.a4 Nc5 34.Nc3 Ng3+
35.Kg2 Nge4 36.Ne2 Kd5 37.Ra8 Kc6 38.a5 Kb7 39.Rh8 g6 40.Ned4 Ka6 41.Nc6 Kb5
42.Nfd4+ Kc4 43.Rb8 Kd3 44.Rb1 Nd2 45.Rd1 Rb7 46.Nf3 Rb2 47.Rxd2+ Rxd2+ 48.Nxd2 Kxd2
49.Nb8 Ke2 50.a6 Nxa6 51.Nxa6 f5 52.Nc5 f4 53.Ne4 h6 54.h4 g5 55.hxg5 hxg5
56.Nf2  1/2-1/2

[Event "22nd World Seniors Open"]
[Site "Kamena Vourla GRE"]
[Date "2012.11.16"]
[Round "4.24"]
[White "De Andres Gonalons,F"]
[Black "Acers,J"]
[Result "0-1"]
[WhiteElo "2072"]
[BlackElo "2214"]

1.d4 d5 2.c4 Nc6 3.Nf3 Bg4 4.cxd5 Bxf3 5.dxc6 Bxc6 6.Nc3 Nf6 7.f3 e5 8.dxe5 Qxd1+
9.Nxd1 Bb4+ 10.Nc3 Nd7 11.e6 fxe6 12.e4 Nc5 13.Be3 O-O-O 14.Bc4 Nd3+ 15.Ke2 Nxb2
16.Bxe6+ Kb8 17.Rac1 Rd6 18.Bd5 Bxc3 19.Rxc3 Bxd5 20.exd5 Rxd5 21.Rb1 Na4
22.Rc4 Nb6 23.Re4 Rhd8 24.Rc1 Ra5 25.Rc2 Nd5 26.Bd2 Ra3 27.Kf2 a5 28.Rec4 Nb6
29.Rf4 Rd7 30.Kg3 Ka7 31.Re4 Nd5 32.Rd4 Rd6 33.h4 Rc6 34.Rb2 Rg6+ 35.Kh2 c6
36.Re4 Ka6 37.Re8 b5 38.Rc2 Kb6 39.Be1 Kb7 40.Bg3 Ne3 41.Rf2 Nf5 42.Be5 Ra4
43.Rb8+ Ka7 44.Rb2 Rxh4+ 45.Kg1 Nd4 46.Rf8 c5 47.Bxd4 Rxd4 48.Rf7+ Kb6 49.Re2 b4
50.Rf5 Kb5 51.Ree5 Rd1+ 52.Kh2 Rc1 53.Re8 a4 54.Rb8+ Rb6  0-1

[Event "I Cerrado Ciutat De Manresa"]
[Site "Manresa ESP"]
[Date "2012.11.16"]
[Round "4.2"]
[White "Ryan,Jo"]
[Black "Mellado Trivino,J"]
[Result "1/2-1/2"]
[WhiteElo "2262"]
[BlackElo "2450"]

1.d4 d5 2.c4 Nc6 3.Nc3 dxc4 4.d5 Ne5 5.f4 Ng4 6.e4 e5 7.Nf3 Bc5 8.h3 Ne3
9.Bxe3 Bxe3 10.fxe5 Ne7 11.Bxc4 Ng6 12.Bb5+ Bd7 13.Qa4 a6 14.Bxd7+ Qxd7 15.Qxd7+ Kxd7
16.Ke2 Bf4 17.Rhf1 Bxe5 18.Nxe5+ Nxe5 19.Ke3 Rhe8 20.Kd4 f6 21.Rac1 Rad8
22.Na4 Kc8 23.Nc5 c6 24.Rfd1 b6 25.Nd3 c5+ 26.Ke3 Nxd3 27.Rxd3 f5 28.Rc4 Rd7
29.d6 Re6 30.b4 fxe4 31.Rd5 Rexd6 32.Rxd6 Rxd6 33.bxc5 Rc6 34.Kxe4 bxc5 35.Kd5 Kd7
36.Rxc5 Rf6 37.Rc2 Rf5+ 38.Ke4 Ra5 39.Rf2 Ke6 40.Kd4 Ra4+ 41.Kc3 Ke5 42.Kb3 Re4
43.a4 Ke6  1/2-1/2

[Event "WY BU16 2012"]
[Site "Maribor SLO"]
[Date "2012.11.16"]
[Round "9.29"]
[White "Beukema,S"]
[Black "Fiora,E"]
[Result "1/2-1/2"]
[WhiteElo "2274"]
[BlackElo "2007"]

1.d4 d5 2.c4 Nc6 3.Nc3 dxc4 4.Nf3 Nf6 5.d5 Na5 6.Qa4+ c6 7.b4 b5 8.Qxa5 Qxa5
9.bxa5 b4 10.Nd1 cxd5 11.g3 e6 12.Bg2 Ne4 13.Ne5 Ba6 14.f3 Nc5 15.Be3 Rc8
16.f4 f6 17.Nf3 Be7 18.O-O Bd8 19.f5 e5 20.Nxe5 fxe5 21.Bxd5 c3 22.Nf2 Bf6
23.Rab1 Bxe2 24.Rfe1 Ba6 25.Rxb4 Ke7 26.Rc1 Nd7 27.Ne4 c2 28.Be6 Rhd8 29.Kf2 Rc7
30.Bxd7 Rdxd7 31.Nc5 Bd3 32.Nxd7 Kxd7 33.g4 e4 34.Bf4 Rc3 35.g5 Be7 36.Rb7+ Ke8
37.Be3 Ba3 38.f6 gxf6 39.gxf6 Rc6 40.f7+ Kf8 41.Kg2 Rg6+ 42.Kh3 Rf6 43.Rg1 Rf3+
44.Kh4 Be7+ 45.Bg5 Rf4+ 46.Kh5 Be2+ 47.Kh6 Bxg5+ 48.Kxg5 Rxf7 49.Rxf7+ Kxf7
50.Rc1 Bd3 51.Kf5 Ke7 52.Ke5 a6 53.a3 Kd7 54.Kd5 Kc7 55.Kc5 Kd7 56.Kd5 Kc7
57.Kc5 Kd7  1/2-1/2

[Event "WY BU14 2012"]
[Site "Maribor SLO"]
[Date "2012.11.18"]
[Round "11.8"]
[White "Bai,Jinshi"]
[Black "Repka,C"]
[Result "1-0"]
[WhiteElo "2288"]
[BlackElo "2258"]

1.d4 d5 2.c4 Nc6 3.Nc3 dxc4 4.Nf3 e6 5.e4 Nf6 6.Bxc4 Bb4 7.Qd3 Na5 8.Bb5+ Bd7
9.O-O Bxc3 10.bxc3 a6 11.Bxd7+ Qxd7 12.Rb1 Qc6 13.d5 O-O-O 14.dxc6 Rxd3 15.Ne5 Rxc3
16.Bd2 Rxc6 17.Bxa5 Rc5 18.Nxf7 Rg8 19.Bb4 Rc2 20.a3 Nxe4 21.Rbe1 Nc5 22.Bxc5 Rxc5
23.Rxe6 Rf8 24.Re7 Rc3 25.f4 Rxa3 26.Rc1 c6 27.Nd6+ Kd8 28.Rxb7 Rxf4 29.Re1 Rf8
30.Rb8+  1-0

[Event "11th Kheireddine Ameyar Mem 2012"]
[Site "Algiers ALG"]
[Date "2012.11.21"]
[Round "9.2"]
[White "Malakhatko,V"]
[Black "Miladinovic,I"]
[Result "0-1"]
[WhiteElo "2550"]
[BlackElo "2567"]

1.d4 d5 2.c4 Nc6 3.cxd5 Qxd5 4.e3 e5 5.Nc3 Bb4 6.Bd2 Bxc3 7.bxc3 Nf6 8.f3 e4
9.c4 Qf5 10.f4 O-O 11.Ne2 h5 12.d5 Ne7 13.Nd4 Qg6 14.Bb4 Re8 15.Nb5 a5 16.Ba3 Bg4
17.Qd2 Rac8 18.d6 cxd6 19.Nxd6 Rcd8 20.Qxa5 Ra8 21.Qc3 Reb8 22.Rb1 Nf5 23.Nxf5 Bxf5
24.Rb2 Ra4 25.Bd6 Rba8 26.a3 Nd5 27.cxd5 Qxd6 28.Kf2 Rxa3 29.Qd2 Rc8 30.Bb5 Rcc3
31.Re1 Rxe3 32.Rxe3 Qxf4+ 33.Kg1 Ra1+ 34.Re1 Qxd2 35.Rxd2 Rxe1+ 36.Kf2 Rb1
37.Be2 g6 38.d6 Bd7 39.Ke3 Rb4 40.Rc2 Rb6 41.Rd2 f5 42.Kf4 Kf7 43.Ke5 Rb4
44.Rc2 e3 45.Bc4+ Ke8 46.Bd5 Rb5 47.Kd4 Bc6 48.Bxc6+ bxc6 49.Kxe3 Kd7 50.Kf4 Rd5
51.Kg5 Rxd6 52.h4 Kc8 53.Rc3 Kc7 54.Rc1 Kb6 55.Rb1+ Kc5 56.Rc1+ Kb4 57.Rb1+ Kc3
58.Rc1+ Kd2 59.Rc5 Ke3 60.Rc2 Re6 61.Rc1 Kf2 62.Rc2+ Kg3 63.Rd2 c5 64.Rc2 Rc6  0-1

[Event "Malta Open 2012"]
[Site "Bugibba MLT"]
[Date "2012.11.21"]
[Round "5"]
[White "Ahlander,B"]
[Black "Osmolny,V"]
[Result "1-0"]
[WhiteElo "2422"]
[BlackElo "2197"]

1.d4 d5 2.c4 Nc6 3.Nc3 dxc4 4.d5 Ne5 5.f4 Ng4 6.e4 e5 7.f5 N8h6 8.Bxc4 Bc5
9.Nf3 a6 10.Qe2 Bf2+ 11.Kf1 Ba7 12.h3 Nf6 13.Nxe5 O-O 14.Bf4 Re8 15.Rd1 Nd7
16.Nxd7 Bxd7 17.Qf3 b5 18.Bd3 Rc8 19.Bxh6 gxh6 20.e5 Qe7 21.e6 fxe6 22.dxe6 Bxe6
23.Qg3+ Kh8 24.Qe5+ Qg7 25.Qxg7+ Kxg7 26.fxe6 Rf8+ 27.Ke1 Rce8 28.Rf1 Rxe6+
29.Kd2 Rd8 30.Kc2 c5 31.Bf5 Red6 32.Rxd6 Rxd6 33.Rd1 Rxd1 34.Nxd1 h5 35.Bc8 a5
36.Ba6  1-0

[Event "22nd World Seniors Open"]
[Site "Kamena Vourla GRE"]
[Date "2012.11.21"]
[Round "8.6"]
[White "Pushkov,N"]
[Black "Acers,J"]
[Result "1-0"]
[WhiteElo "2404"]
[BlackElo "2214"]

1.d4 d5 2.c4 Nc6 3.Nc3 Nf6 4.cxd5 Nxd5 5.e4 Nxc3 6.bxc3 e5 7.d5 Nb8 8.Nf3 Bd6
9.Be2 O-O 10.O-O Nd7 11.Be3 Qe7 12.Nd2 Bc5 13.Nc4 Bxe3 14.Nxe3 Nc5 15.Qc2 Qh4
16.f3 Bd7 17.Rab1 a6 18.Qd2 Rad8 19.Nc4 Rfe8 20.Qe3 Qe7 21.Nxe5 Ba4 22.Qd4 c6
23.Nd3 Bc2 24.Nxc5 Bxb1 25.Rxb1 cxd5 26.Rxb7 Qg5 27.e5 Qxe5 28.Qxe5 Rxe5
29.Kf2 g6 30.Nxa6 d4 31.cxd4 Rxd4 32.Rb2 Ra4 33.Nb4 Rc5 34.Bd1 Ra3 35.Bb3 Rh5
36.Rc2 Rb5 37.Nd3 Rbxb3 38.axb3 Rxb3 39.Ke3 h5 40.Rc7 Ra3 41.h4 Kg7 42.Rd7 Ra2
43.g3 Ra3 44.Rb7 Kf6 45.Ke4 Ra4+ 46.Rb4 Ra5 47.Rc4 Kg7 48.Ne5 Ra7 49.Rd4 Kh6
50.f4 f6 51.Nd7 Kg7 52.Nc5 Re7+ 53.Kf3 Kh6 54.Rd7 Re1 55.Rf7 Rf1+ 56.Kg2 Rc1
57.Ne6 Rc2+ 58.Kh3 f5 59.Nf8  1-0